Der Homosexuelle und sein Publikum: ein Spagat zwischen Wissenschaft und Subkultur

Gespeichert in:  
Bibliographische Detailangaben
1. VerfasserIn: Lautmann, Rüdiger 1935- (Verfasst von)
Medienart: Druck Buch
Sprache:Deutsch
Veröffentlicht: Hamburg MännerSchwarmSkript-Verl. 1997
In:Jahr: 1997
Ausgabe:1. Aufl.
Verfügbarkeit prüfen: HBZ Gateway
Subito Bestelldienst: Jetzt bestellen.
Schlagwörter:

MARC

LEADER 00000cam a2200000 c 4500
001 222350326
003 DE-627
005 20240329001028.0
007 tu
008 970117s1997 gw ||||| 00| ||ger c
020 |a 3928983342  |9 3-928983-34-2 
035 |a (DE-627)222350326 
035 |a (DE-576)056403631 
035 |a (DE-599)GBV222350326 
035 |a (OCoLC)39719547 
035 |a (AT-OBV)AC05703076 
040 |a DE-627  |b ger  |c DE-627  |e rakwb 
041 |a ger 
044 |c XA-DE 
060 0 |a HQ 76 
084 |a MS 2870  |2 rvk  |0 (DE-625)rvk/123648: 
084 |a 71.67  |2 bkl 
084 |a 71.32  |2 bkl 
100 1 |a Lautmann, Rüdiger  |d 1935-  |0 (DE-588)120502208  |0 (DE-627)080715125  |0 (DE-576)161924018  |4 aut 
109 |a Lautmann, Rüdiger 1935- 
245 1 4 |a Der Homosexuelle und sein Publikum  |b ein Spagat zwischen Wissenschaft und Subkultur  |c Rüdiger Lautmann 
250 |a 1. Aufl. 
264 1 |a Hamburg  |b MännerSchwarmSkript-Verl.  |c 1997 
300 |a 192 S. 
336 |a Text  |b txt  |2 rdacontent 
337 |a ohne Hilfsmittel zu benutzen  |b n  |2 rdamedia 
338 |a Band  |b nc  |2 rdacarrier 
490 0 |a MännerschwarmSkript 
505 8 |a Bibliogr. S. [186] - 189 
583 1 |a Archivierung prüfen  |c 20200919  |f DE-640  |z 1  |2 pdager 
583 1 |a Archivierung prüfen  |c 20240324  |f DE-4165  |z 2  |2 pdager 
650 2 |a Homosexuality 
935 |a mkri 
935 |i Blocktest 
936 r v |a MS 2870  |b Sexuelle Orientierung, Geschlechtsidentität  |k Soziologie  |k Spezielle Soziologien  |k Soziologische Geschlechterforschung (Gender Studies)  |k Sexuelle Orientierung, Geschlechtsidentität  |0 (DE-627)1271082861  |0 (DE-625)rvk/123648:  |0 (DE-576)201082861 
936 b k |a 71.67  |j Sexualität als soziales Problem  |0 (DE-627)106412205 
936 b k |a 71.32  |j Mann  |x Soziologie  |0 (DE-627)106412663 
951 |a BO 
ELC |b 1 
LOK |0 000 xxxxxcx a22 zn 4500 
LOK |0 001 3162014425 
LOK |0 003 DE-627 
LOK |0 004 222350326 
LOK |0 005 19970103000000 
LOK |0 008 970103||||||||||||||||ger||||||| 
LOK |0 040   |a DE-Frei85  |c DE-627  |d DE-Frei85 
LOK |0 852   |a DE-Frei85 
LOK |0 852 1  |m p  |9 00 
LOK |0 938   |k p 
LOK |0 939   |a 03-01-97  |b l01 
ORI |a SA-MARC-krimdoka001.raw